[Event "chess.com Speed 2021"]
[Site "chess.com INT"]
[Date "2021.11.15"]
[Round "1.23"]
[White "So, Wesley"]
[Black "Xiong, Jeffery"]
[Result "1-0"]
[WhiteTitle "GM"]
[BlackTitle "GM"]
[WhiteElo "2772"]
[BlackElo "2687"]
[WhiteFideId "5202213"]
[BlackFideId "2047640"]
[EventDate "2021.11.08"]
[EventType "k.o."]

1. e4 e6 2. d4 d5 3. Nc3 Bb4 4. e5 c5 5. a3 Bxc3+ 6. bxc3 Ne7 7. a4 Qa5 8. Bd2
Nbc6 9. Nf3 Bd7 10. Bb5 Qc7 11. O-O Na5 12. Bd3 Nc4 13. Bc1 b6 14. Re1 h6 15. h4
Rc8 16. h5 cxd4 17. cxd4 Bc6 18. Nd2 Qd7 19. Qg4 g5 20. hxg6 fxg6 21. Bxc4 dxc4
22. Nxc4 Nf5 23. Nd6+ Nxd6 24. exd6 Kf7 25. c4 Qxd6 26. Ba3 Qd7 27. d5 Rhe8 28.
dxc6 Qxc6 29. Re3 e5 30. Rd1 Rcd8 31. Rxd8 Rxd8 32. Rxe5 Qf6 33. Re7+ Kg8 34.
Qe6+ Qxe6 35. Rxe6 Rd1+ 36. Kh2 Ra1 37. Bb2 Rxa4 38. Rxg6+ Kf7 39. Rxh6 Rb4 40.
Be5 a5 41. f4 Rxc4 42. Rxb6 a4 43. g4 Rc5 44. g5 1-0

[Event "chess.com Speed 2021"]
[Site "chess.com INT"]
[Date "2021.11.15"]
[Round "1.24"]
[White "Xiong, Jeffery"]
[Black "So, Wesley"]
[Result "0-1"]
[WhiteTitle "GM"]
[BlackTitle "GM"]
[WhiteElo "2687"]
[BlackElo "2772"]
[WhiteFideId "2047640"]
[BlackFideId "5202213"]
[EventDate "2021.11.08"]
[EventType "k.o."]

1. Nf3 d5 2. c4 d4 3. b4 f6 4. e3 e5 5. c5 a5 6. Qa4+ c6 7. Bc4 Na6 8. a3 Ne7 9.
O-O axb4 10. axb4 Nc7 11. Qxa8 Nxa8 12. Rxa8 g5 13. exd4 e4 14. Re1 exf3 15. Nc3
b5 16. Be6 Qxd4 17. Ne4 Kd8 18. Nd6 Kc7 19. Bxc8 Nxc8 20. Rxc8+ Kd7 21. Ree8
Bxd6 22. Rcd8+ Kc7 23. Rxh8 Bxh2+ 24. Kxh2 Qxf2 25. Rc8+ Kd7 26. Rhd8+ Ke7 27.
Re8+ Kf7 28. Rf8+ Kg7 0-1

[Event "chess.com Speed 2021"]
[Site "chess.com INT"]
[Date "2021.11.15"]
[Round "1.25"]
[White "So, Wesley"]
[Black "Xiong, Jeffery"]
[Result "1-0"]
[WhiteTitle "GM"]
[BlackTitle "GM"]
[WhiteElo "2772"]
[BlackElo "2687"]
[WhiteFideId "5202213"]
[BlackFideId "2047640"]
[EventDate "2021.11.08"]
[EventType "k.o."]

1. e4 e5 2. Nf3 Nc6 3. Bc4 Bc5 4. O-O Nf6 5. d3 d6 6. c3 h6 7. Re1 O-O 8. Nbd2
a5 9. Nf1 Be6 10. Bb5 Ba7 11. h3 Ne7 12. Ng3 c6 13. Ba4 b5 14. Bc2 a4 15. d4 Ng6
16. Be3 Re8 17. b3 axb3 18. axb3 Qc7 19. Qd2 Bb6 20. b4 Ra7 21. Rxa7 Qxa7 22.
Bb1 Qc7 23. Bd3 Ra8 24. Rc1 Ra2 25. Rc2 Ra1+ 26. Rc1 Ra2 27. Qd1 Nf4 28. Bxf4
exf4 29. Ne2 g5 30. Ra1 Qa7 31. Rxa2 Qxa2 32. h4 g4 33. Ne1 Nh5 34. Qc1 c5 35.
bxc5 dxc5 36. Nxf4 Ng7 37. Bb1 Qa1 38. Nxe6 Nxe6 39. e5 Kf8 40. d5 Nf4 41. Qxf4
Qxb1 42. Qxh6+ Ke8 43. Qc6+ Kf8 44. Qd6+ Kg7 45. Qf6+ Kg8 46. Kf1 Qg6 47. Qxg6+
fxg6 48. Ke2 c4 49. Nc2 Ba5 50. Kd2 Bc7 51. e6 Bb6 52. Na3 Bxf2 53. Nxb5 Kf8 54.
Na3 Bxh4 55. Nxc4 Ke7 56. Kd3 Bf6 57. Nd2 Kd6 58. Ne4+ Kxd5 59. Nxf6+ Kxe6 60.
Nxg4 Kf5 61. Ne3+ Ke5 62. c4 g5 63. c5 Ke6 64. Kd4 Kd7 65. Kd5 Kc7 66. c6 Kc8
67. Kc5 g4 68. Nd5 1-0

[Event "chess.com Speed 2021"]
[Site "chess.com INT"]
[Date "2021.11.15"]
[Round "1.27"]
[White "So, Wesley"]
[Black "Xiong, Jeffery"]
[Result "1-0"]
[WhiteTitle "GM"]
[BlackTitle "GM"]
[WhiteElo "2772"]
[BlackElo "2687"]
[WhiteFideId "5202213"]
[BlackFideId "2047640"]
[EventDate "2021.11.08"]
[EventType "k.o."]

1. e4 e5 2. Nf3 Nc6 3. Bb5 Nf6 4. O-O Nxe4 5. Re1 Nd6 6. Nxe5 Be7 7. Bf1 Nf5 8.
Nf3 d5 9. d4 O-O 10. a4 Re8 11. a5 a6 12. c3 Bd6 13. g3 Rxe1 14. Nxe1 Nfe7 15.
Nd2 Bf5 16. Ng2 h6 17. Nb3 Bh3 18. Bf4 Bxg2 19. Bxd6 Bxf1 20. Bxe7 Qxe7 21. Kxf1
b6 22. axb6 cxb6 23. Qe2 Kf8 24. Qd3 Qe4 25. Qxe4 dxe4 26. Nd2 f5 27. Nc4 b5 28.
Nd6 Ne7 29. Nxb5 Rb8 30. Nd6 Rxb2 31. Rxa6 g6 32. c4 Rd2 33. d5 Rc2 34. Ra8+ Kg7
35. Ra7 Kf8 36. h4 g5 37. h5 f4 38. Ra8+ Kg7 39. Ra7 Kf8 40. gxf4 gxf4 41. Ra8+
Kg7 42. Re8 Rc1+ 43. Ke2 Ng8 44. Rxe4 Nf6 45. Rxf4 Nxh5 46. Rd4 Kf6 47. Nb5 Ke5
48. d6 Nf6 49. d7 Nxd7 50. Rxd7 Rxc4 51. Rd3 Rb4 52. Nc3 Kf5 53. Ke3 h5 54. Rd5+
Kg6 55. Ne4 h4 56. Rg5+ Kh6 57. Rg4 Rb3+ 58. Kf4 h3 59. Rh4+ Kg6 60. f3 Rb8 61.
Rxh3 Rf8+ 62. Kg4 Rg8 63. f4 Kf7+ 64. Ng5+ Kg6 65. f5+ Kf6 66. Rh6+ Ke5 67. f6
Ra8 68. f7 Ra4+ 69. Kh5 Rf4 70. Re6+ Kd5 71. Re8 1-0

[Event "chess.com Speed 2021"]
[Site "chess.com INT"]
[Date "2021.11.15"]
[Round "1.28"]
[White "Xiong, Jeffery"]
[Black "So, Wesley"]
[Result "1/2-1/2"]
[WhiteTitle "GM"]
[BlackTitle "GM"]
[WhiteElo "2687"]
[BlackElo "2772"]
[WhiteFideId "2047640"]
[BlackFideId "5202213"]
[EventDate "2021.11.08"]
[EventType "k.o."]

1. d4 d5 2. c4 dxc4 3. Nf3 Nf6 4. e3 e6 5. Bxc4 c5 6. O-O a6 7. b3 cxd4 8. Nxd4
Be7 9. Bb2 O-O 10. Nd2 b5 11. Be2 Bb7 12. Rc1 Qd7 13. N2f3 Rd8 14. Ne5 Qd6 15.
Bf3 Nd5 16. Nxf7 Kxf7 17. Bg4 Nf6 18. Bxe6+ Kf8 19. Bh3 Kf7 20. Be6+ Kf8 21. Bh3
Kf7 22. Be6+ 1/2-1/2

[Event "chess.com Speed 2021"]
[Site "chess.com INT"]
[Date "2021.11.15"]
[Round "1.29"]
[White "So, Wesley"]
[Black "Xiong, Jeffery"]
[Result "1-0"]
[WhiteTitle "GM"]
[BlackTitle "GM"]
[WhiteElo "2772"]
[BlackElo "2687"]
[WhiteFideId "5202213"]
[BlackFideId "2047640"]
[EventDate "2021.11.08"]
[EventType "k.o."]

1. e4 e5 2. Nf3 Nc6 3. Bc4 Bc5 4. O-O Nf6 5. d3 d6 6. c3 h6 7. Re1 O-O 8. h3 a5
9. Bb5 Bb6 10. Nbd2 Be6 11. Ba4 Qb8 12. Nf1 Qa7 13. Re2 Ne7 14. Ng3 Rad8 15. d4
exd4 16. cxd4 d5 17. e5 Ne4 18. Be3 Nxg3 19. fxg3 Nf5 20. Bf2 c5 21. g4 Nxd4 22.
Nxd4 cxd4 23. Qd3 Rc8 24. Rd1 Rc4 25. Bc2 g6 26. Qd2 Rfc8 27. Bd3 Kg7 28. Qf4
R4c6 29. Rf1 Bd8 30. Kh2 Bg5 31. Qxd4 Qxd4 32. Bxd4 Rc1 33. Rxc1 Rxc1 34. Bb6 h5
35. gxh5 gxh5 36. Bxa5 d4 37. a3 Bc4 38. Bxc4 Rxc4 39. Re4 Be3 40. Bb6 Kg6 41.
b3 Rc3 42. Bxd4 Bxd4 43. Rxd4 Rxb3 44. Rd6+ Kf5 45. Rf6+ Kxe5 46. Rxf7 Rxa3 47.
Rh7 Rb3 48. Rxh5+ Kd4 49. Rh4+ Kc5 50. Rf4 b5 51. h4 b4 52. h5 Re3 53. g4 b3 54.
h6 b2 55. Rf1 Kd6 56. g5 Ke7 57. h7 Re2+ 58. Kg3 Re3+ 59. Kf4 Rh3 60. g6 Kf6 61.
Kg4+ Kxg6 62. Kxh3 1-0

[Event "chess.com Speed 2021"]
[Site "chess.com INT"]
[Date "2021.11.15"]
[Round "1.210"]
[White "Xiong, Jeffery"]
[Black "So, Wesley"]
[Result "1/2-1/2"]
[WhiteTitle "GM"]
[BlackTitle "GM"]
[WhiteElo "2687"]
[BlackElo "2772"]
[WhiteFideId "2047640"]
[BlackFideId "5202213"]
[EventDate "2021.11.08"]
[EventType "k.o."]

1. d4 Nf6 2. c4 e6 3. Nc3 Bb4 4. Nf3 c5 5. g3 cxd4 6. Nxd4 O-O 7. Bg2 d5 8. cxd5
Nxd5 9. Qb3 Qa5 10. Bd2 Nc6 11. Nxc6 bxc6 12. O-O Bxc3 13. bxc3 Ba6 14. Rfd1 Qc5
15. e4 Bc4 16. Qa4 Nb6 17. Qb4 Qh5 18. Be3 Be2 19. Re1 Nc4 20. Qc5 Nxe3 21. Qxe3
Bg4 22. e5 Rfc8 23. Rab1 h6 24. Rb7 a5 25. Qf4 Rab8 26. Ra7 Ra8 27. Rxa8 Rxa8
28. Bxc6 Rc8 29. Be4 Qg5 30. Qxg5 hxg5 31. Rb1 g6 32. f3 Bf5 33. Bxf5 gxf5 34.
Rc1 Rc5 35. c4 f4 36. gxf4 gxf4 37. Kf2 Kg7 38. h4 Kg6 39. Rg1+ Kh6 40. Rc1 Kg6
41. Rg1+ Kh5 42. Rg5+ Kh6 43. Rg4 Rxc4 44. Ke2 Ra4 45. Kd3 Ra3+ 46. Ke4 Rxa2 47.
Kxf4 Ra3 48. Kg3 Re3 49. Rf4 Kg6 50. Rg4+ Kh6 51. Rf4 Kg7 52. Rg4+ Kh7 53. Kf4
Rb3 54. Rg1 Rb4+ 55. Kg5 Kg7 56. h5 Rb3 57. h6+ Kh7 58. f4 Rf3 59. Rg4 a4 60.
Kf6 a3 61. Kxf7 a2 62. Rg1 Rxf4+ 63. Kxe6 Kxh6 64. Ra1 Ra4 65. Kf6 Rf4+ 66. Ke6
Ra4 67. Kf6 Rf4+ 68. Ke6 1/2-1/2

[Event "chess.com Speed 2021"]
[Site "chess.com INT"]
[Date "2021.11.15"]
[Round "1.211"]
[White "So, Wesley"]
[Black "Xiong, Jeffery"]
[Result "1/2-1/2"]
[WhiteTitle "GM"]
[BlackTitle "GM"]
[WhiteElo "2772"]
[BlackElo "2687"]
[WhiteFideId "5202213"]
[BlackFideId "2047640"]
[EventDate "2021.11.08"]
[EventType "k.o."]

1. e4 e5 2. Nf3 Nc6 3. Bb5 Nf6 4. d3 Bc5 5. Bxc6 dxc6 6. Nbd2 Be6 7. O-O Bd6 8.
Nb3 Nd7 9. Na5 Qc8 10. Ng5 Nf8 11. Qh5 h6 12. Nxe6 Nxe6 13. Be3 c5 14. Nc4 g6
15. Qh4 Qd8 16. Qg3 Qf6 17. Nxd6+ cxd6 18. Rab1 g5 19. b4 b6 20. a4 c4 21. a5
bxa5 22. bxa5 O-O 23. h4 Rfc8 24. hxg5 hxg5 25. Qg4 cxd3 26. cxd3 Rc3 27. Rfd1
Kg7 28. g3 a6 29. Kg2 Rh8 30. Rbc1 Rxc1 31. Rxc1 Qh6 32. Kf3 Qf6+ 33. Kg2 Qh6
34. Kf3 Qf6+ 35. Ke2 Rb8 36. Kf1 Qh6 37. Kg2 Rh8 1/2-1/2

[Event "chess.com Speed 2021"]
[Site "chess.com INT"]
[Date "2021.11.15"]
[Round "1.31"]
[White "Xiong, Jeffery"]
[Black "So, Wesley"]
[Result "1-0"]
[WhiteTitle "GM"]
[BlackTitle "GM"]
[WhiteElo "2687"]
[BlackElo "2772"]
[WhiteFideId "2047640"]
[BlackFideId "5202213"]
[EventDate "2021.11.08"]
[EventType "k.o."]

1. Nf3 d5 2. g3 e6 3. Bg2 Nf6 4. c4 Be7 5. d4 O-O 6. O-O dxc4 7. Qc2 a6 8. a4
Bd7 9. Qxc4 Bc6 10. Bg5 Bd5 11. Qc2 Be4 12. Qc1 h6 13. Bxf6 Bxf6 14. Rd1 a5 15.
Nc3 Bxf3 16. Bxf3 c6 17. Ne4 Na6 18. h4 Nb4 19. Qc4 Be7 20. e3 Qc7 21. Kg2 Rfd8
22. h5 Nd5 23. Rac1 Nf6 24. Qe2 Nxe4 25. Bxe4 Rd6 26. Bb1 Bf6 27. Qc2 Kf8 28.
Qh7 Rad8 29. Rc5 Qb6 30. Qc2 e5 31. Ba2 exd4 32. exd4 Rxd4 33. Rxd4 Rxd4 34. Rc3
Qd8 35. Qh7 Ke7 36. Re3+ Kd6 37. Qf5 Rd2 38. Bxf7 Qb6 39. Qf4+ Kc5 40. Qc4+ Kd6
41. Qf4+ Kc5 42. Rb3 Qd8 43. Rxb7 Qd4 44. Qf5+ Qe5 45. Qf3 Rxb2 46. Rd7 Kb6 47.
Rd1 Qc5 48. Bg6 Bd4 49. Kh3 Bxf2 50. Rd8 Bg1 51. Rb8+ 1-0

[Event "chess.com Speed 2021"]
[Site "chess.com INT"]
[Date "2021.11.15"]
[Round "1.32"]
[White "So, Wesley"]
[Black "Xiong, Jeffery"]
[Result "1-0"]
[WhiteTitle "GM"]
[BlackTitle "GM"]
[WhiteElo "2772"]
[BlackElo "2687"]
[WhiteFideId "5202213"]
[BlackFideId "2047640"]
[EventDate "2021.11.08"]
[EventType "k.o."]

1. e4 d5 2. exd5 Qxd5 3. Nc3 Qa5 4. d4 Nf6 5. Bd2 Bg4 6. f3 Bf5 7. Bc4 Qb6 8. g4
Bg6 9. Qe2 Nc6 10. Bb5 O-O-O 11. Bxc6 Qxc6 12. O-O-O e6 13. Nh3 Rxd4 14. Nf4 Bd6
15. Nxg6 hxg6 16. Nb5 Ra4 17. Kb1 Kb8 18. b3 Ra6 19. c4 e5 20. Bc3 Qe8 21. Nxd6
Rxd6 22. Qxe5 Rxd1+ 23. Rxd1 Qxe5 24. Bxe5 Kc8 25. Kc2 Re8 26. Bc3 Re2+ 27. Rd2
Rxd2+ 28. Kxd2 Kd7 29. Bxf6 gxf6 30. h4 Ke6 31. h5 gxh5 32. gxh5 Kf5 33. f4 1-0

[Event "chess.com Speed 2021"]
[Site "chess.com INT"]
[Date "2021.11.15"]
[Round "1.33"]
[White "Xiong, Jeffery"]
[Black "So, Wesley"]
[Result "1-0"]
[WhiteTitle "GM"]
[BlackTitle "GM"]
[WhiteElo "2687"]
[BlackElo "2772"]
[WhiteFideId "2047640"]
[BlackFideId "5202213"]
[EventDate "2021.11.08"]
[EventType "k.o."]

1. d4 Nf6 2. c4 e6 3. Nc3 Bb4 4. Qc2 d5 5. Nf3 dxc4 6. Bg5 b5 7. a4 c6 8. e3
Nbd7 9. Ne5 Bb7 10. Be2 h6 11. Bxf6 gxf6 12. Nxd7 Qxd7 13. O-O a6 14. Ne4 Qe7
15. Bf3 f5 16. Ng3 O-O 17. Nh5 Kh8 18. e4 fxe4 19. Qxe4 Bd6 20. axb5 axb5 21.
Qe3 Qg5 22. Qe2 Rxa1 23. Rxa1 Ra8 24. Rxa8+ Bxa8 25. g3 Bb7 26. h4 Qc1+ 27. Kg2
Kg8 28. Be4 Kf8 29. Qg4 Ke7 30. Qg7 Qxb2 31. Qf6+ Ke8 32. Ng7+ Kd7 33. Qxf7+ Be7
34. Qe8+ Kd6 35. Qb8+ 1-0

[Event "chess.com Speed 2021"]
[Site "chess.com INT"]
[Date "2021.11.15"]
[Round "1.34"]
[White "So, Wesley"]
[Black "Xiong, Jeffery"]
[Result "1/2-1/2"]
[WhiteTitle "GM"]
[BlackTitle "GM"]
[WhiteElo "2772"]
[BlackElo "2687"]
[WhiteFideId "5202213"]
[BlackFideId "2047640"]
[EventDate "2021.11.08"]
[EventType "k.o."]

1. e4 d5 2. exd5 Qxd5 3. Nc3 Qa5 4. d4 Nf6 5. Nf3 c6 6. Bc4 Bf5 7. Bd2 Nbd7 8.
Qe2 e6 9. d5 cxd5 10. Nxd5 Qc5 11. Nxf6+ gxf6 12. Be3 Qc7 13. Nd4 Be4 14. O-O-O
a6 15. f3 Bc6 16. Kb1 Ne5 17. Nxc6 Qxc6 18. Bb3 Rg8 19. Rhg1 Bc5 20. f4 Nd7 21.
f5 O-O-O 22. fxe6 fxe6 23. g3 Rge8 24. Rge1 Bxe3 25. Qxe3 Nc5 26. Rxd8+ Rxd8 27.
c3 Nxb3 28. axb3 e5 29. Qf2 Qe6 30. Ka2 Rd5 31. Rf1 Ra5+ 32. Kb1 Qxb3 33. Qxf6
Qa2+ 34. Kc2 Qa4+ 35. Kc1 Qa1+ 36. Kc2 Qa4+ 37. Kc1 Qa1+ 38. Kc2 Qa4+ 1/2-1/2

[Event "chess.com Speed 2021"]
[Site "chess.com INT"]
[Date "2021.11.15"]
[Round "1.35"]
[White "Xiong, Jeffery"]
[Black "So, Wesley"]
[Result "0-1"]
[WhiteTitle "GM"]
[BlackTitle "GM"]
[WhiteElo "2687"]
[BlackElo "2772"]
[WhiteFideId "2047640"]
[BlackFideId "5202213"]
[EventDate "2021.11.08"]
[EventType "k.o."]

1. d4 Nf6 2. Nf3 d5 3. Bf4 c5 4. e3 Nc6 5. c3 Qb6 6. Qb3 c4 7. Qc2 Bf5 8. Qc1 e6
9. Nbd2 Rc8 10. h3 Be7 11. Be2 O-O 12. O-O Qa5 13. b3 Ba3 14. Qd1 Bb2 15. bxc4
Qxc3 16. Rb1 Bxb1 17. Qxb1 Qb4 18. Bd3 Bc3 19. Qc2 Bxd2 20. Nxd2 dxc4 21. Nxc4
Rfd8 22. Rb1 Qe7 23. Qb2 Nd5 24. Bg3 b5 25. Na3 a6 26. Nc2 Na5 27. e4 Nc3 28.
Re1 Na4 29. Qa1 Rc3 30. Re3 Nc4 31. Bxc4 Rxc4 32. Ne1 Rcxd4 33. Kh2 Rd1 34. Qe5
f6 35. Qh5 Qf7 36. Qg4 e5 37. Nf3 h5 38. Qh4 Nb6 39. Ra3 Nc4 40. Rxa6 Ra1 41.
Nxe5 Nxe5 42. Bxe5 Rxa2 43. Rxf6 gxf6 44. Bxf6 Rdd2 45. Qg5+ Kh7 46. Qf5+ Qg6
47. Qe6 Ra7 48. Qb6 Rf7 49. Qe3 0-1

[Event "chess.com Speed 2021"]
[Site "chess.com INT"]
[Date "2021.11.15"]
[Round "1.36"]
[White "So, Wesley"]
[Black "Xiong, Jeffery"]
[Result "1-0"]
[WhiteTitle "GM"]
[BlackTitle "GM"]
[WhiteElo "2772"]
[BlackElo "2687"]
[WhiteFideId "5202213"]
[BlackFideId "2047640"]
[EventDate "2021.11.08"]
[EventType "k.o."]

1. e4 d5 2. exd5 Qxd5 3. Nc3 Qa5 4. d4 Nf6 5. Nf3 c6 6. Bc4 Bf5 7. Bd2 e6 8. Nd5
Qd8 9. Nxf6+ gxf6 10. O-O Nd7 11. Re1 Nb6 12. Bf1 Bd6 13. Nh4 Bg6 14. g3 Be7 15.
c3 f5 16. Ng2 Nd5 17. c4 Nf6 18. Bc3 Ne4 19. Qb3 Qb6 20. Qc2 Bf6 21. Nf4 Bxd4
22. Bxd4 Qxd4 23. Rad1 Qc5 24. Bg2 O-O 25. h4 Nf6 26. Qc3 Nh5 27. Nd3 Qe7 28.
Bf3 Rad8 29. Ne5 Rxd1 30. Rxd1 Rd8 31. Kg2 Nf6 32. Rxd8+ Qxd8 33. Qe3 Nd7 34.
Qd4 Qf6 35. Nxc6 Qxd4 36. Nxd4 Ne5 37. c5 Nxf3 38. Kxf3 e5 39. Nb5 f6 40. Nxa7
Kf7 41. c6 bxc6 42. Nxc6 Ke6 43. Ke3 Be8 44. Nb4 Kd6 45. f4 Bb5 46. Nd3 Kd5 47.
b3 e4 48. Nb4+ Kc5 49. Nc2 Bd3 50. Nd4 Kb4 51. Nxf5 Ka3 52. Nd6 1-0

[Event "chess.com Speed 2021"]
[Site "chess.com INT"]
[Date "2021.11.15"]
[Round "1.37"]
[White "Xiong, Jeffery"]
[Black "So, Wesley"]
[Result "0-1"]
[WhiteTitle "GM"]
[BlackTitle "GM"]
[WhiteElo "2687"]
[BlackElo "2772"]
[WhiteFideId "2047640"]
[BlackFideId "5202213"]
[EventDate "2021.11.08"]
[EventType "k.o."]

1. Nf3 Nf6 2. c4 e6 3. g3 d5 4. Bg2 Be7 5. d4 O-O 6. O-O dxc4 7. Qc2 a6 8. a4
Bd7 9. Qxc4 Bc6 10. Bg5 Bd5 11. Qc2 Be4 12. Qc1 h6 13. Bxf6 Bxf6 14. Rd1 a5 15.
Nc3 Bxf3 16. Bxf3 c6 17. Ne4 Na6 18. h4 Nb4 19. e3 Be7 20. Qc4 Qc7 21. h5 Rfd8
22. Kg2 Nd5 23. Rac1 Nf6 24. Qe2 Nxe4 25. Bxe4 Bf6 26. Bb1 Kf8 27. Rc5 Rd5 28.
Rdc1 Rad8 29. Be4 Rxc5 30. Rxc5 Qb6 31. Qc2 Qb4 32. Qc3 Qxc3 33. bxc3 Ra8 34. f4
Ke7 35. g4 Kd6 36. g5 Be7 37. g6 Kd7 38. Rc4 f5 39. Bf3 Ra6 40. Be2 Rb6 41. Kf3
Rb2 42. d5 exd5 43. Rd4 Bf6 44. Rd3 Rc2 45. Rd1 Rxc3 46. Bd3 Ke6 47. Ke2 Rb3 48.
Bc2 Rb2 49. Kd3 Be7 50. Ra1 Bb4 0-1

[Event "chess.com Speed 2021"]
[Site "chess.com INT"]
[Date "2021.11.15"]
[Round "1.38"]
[White "So, Wesley"]
[Black "Xiong, Jeffery"]
[Result "1-0"]
[WhiteTitle "GM"]
[BlackTitle "GM"]
[WhiteElo "2772"]
[BlackElo "2687"]
[WhiteFideId "5202213"]
[BlackFideId "2047640"]
[EventDate "2021.11.08"]
[EventType "k.o."]

1. e4 e5 2. Nf3 d6 3. d4 exd4 4. Nxd4 Nf6 5. Nc3 Be7 6. Bf4 O-O 7. Qd2 d5 8.
Ndb5 Bb4 9. O-O-O c6 10. Nc7 Nxe4 11. Qe3 Nxc3 12. bxc3 Ba3+ 13. Kb1 Nd7 14.
Nxa8 Qa5 15. c4 Nc5 16. Bd6 Bf5 17. Bxc5 Bxc5 18. Qb3 Rxa8 19. cxd5 cxd5 20. Bd3
Be6 21. Rhe1 Bxf2 22. Re2 Bb6 23. Qb5 Qc3 24. Qb2 Qc5 25. Qb5 Qc7 26. Bf5 a6 27.
Qa4 Qd6 28. Bxe6 fxe6 29. Rde1 Qc5 30. Rxe6 Rf8 31. Re8 Kf7 32. Rf1+ 1-0

[Event "chess.com Speed 2021"]
[Site "chess.com INT"]
[Date "2021.11.15"]
[Round "1.39"]
[White "Xiong, Jeffery"]
[Black "So, Wesley"]
[Result "0-1"]
[WhiteTitle "GM"]
[BlackTitle "GM"]
[WhiteElo "2687"]
[BlackElo "2772"]
[WhiteFideId "2047640"]
[BlackFideId "5202213"]
[EventDate "2021.11.08"]
[EventType "k.o."]

1. e4 e5 2. Nc3 Nc6 3. Bc4 Nf6 4. d3 Na5 5. Qf3 Bc5 6. Nge2 d6 7. h3 h6 8. a3
Nxc4 9. dxc4 Be6 10. b3 a5 11. Be3 Nd7 12. Bxc5 Nxc5 13. O-O-O O-O 14. Kb2 a4
15. Qe3 Qe7 16. Nc1 c6 17. Nd3 axb3 18. cxb3 Nxb3 19. Kxb3 b5 20. Nb4 bxc4+ 21.
Kc2 Rxa3 22. Ncd5 Bxd5 23. Qxa3 Bxe4+ 24. Kc1 d5 25. Nc2 Qg5+ 26. Qe3 Qg6 27.
Rd2 Ra8 28. Re1 Bxc2 29. Rxc2 d4 30. Qxe5 Qd3 31. Qe8+ Rxe8 32. Rxe8+ Kh7 33.
Re1 c3 0-1

[Event "chess.com Speed 2021"]
[Site "chess.com INT"]
[Date "2021.11.15"]
[Round "1.310"]
[White "So, Wesley"]
[Black "Xiong, Jeffery"]
[Result "1-0"]
[WhiteTitle "GM"]
[BlackTitle "GM"]
[WhiteElo "2772"]
[BlackElo "2687"]
[WhiteFideId "5202213"]
[BlackFideId "2047640"]
[EventDate "2021.11.08"]
[EventType "k.o."]

1. e4 e6 2. d4 d5 3. Nc3 Bb4 4. e5 c5 5. a3 Bxc3+ 6. bxc3 Ne7 7. a4 Qa5 8. Bd2
Nbc6 9. Nf3 Bd7 10. Bb5 a6 11. Be2 c4 12. O-O Qc7 13. Bc1 f6 14. Re1 fxe5 15.
Nxe5 Nxe5 16. dxe5 Ng6 17. Bh5 O-O-O 18. Qd4 Rdf8 19. Bxg6 hxg6 20. Ba3 Rf5 21.
Bd6 Qa5 22. Qa7 1-0

[Event "chess.com Speed 2021"]
[Site "chess.com INT"]
[Date "2021.11.15"]
[Round "1.311"]
[White "Xiong, Jeffery"]
[Black "So, Wesley"]
[Result "1-0"]
[WhiteTitle "GM"]
[BlackTitle "GM"]
[WhiteElo "2687"]
[BlackElo "2772"]
[WhiteFideId "2047640"]
[BlackFideId "5202213"]
[EventDate "2021.11.08"]
[EventType "k.o."]

1. d4 Nf6 2. c4 g6 3. Nc3 d5 4. Nf3 Bg7 5. h4 dxc4 6. e4 c5 7. d5 b5 8. h5 Nxh5
9. Nxb5 Bg4 10. Bxc4 O-O 11. Kf1 Nd7 12. Nc3 Rb8 13. Be2 Qc7 14. Rh4 Bxf3 15.
Bxf3 Nhf6 16. Bf4 Ne5 17. Qd2 Nfd7 18. Be2 c4 19. Bh6 Bf6 20. Rh3 Rfe8 21. Rc1
Nc5 22. Nd1 Nxe4 23. Qf4 Nd6 24. Bg5 Nf5 25. g4 Bxg5 26. Qxg5 f6 27. Qf4 Nd6 28.
Qh6 e6 29. Ne3 Qg7 30. Qf4 Rxb2 31. dxe6 Rxe2 32. Kxe2 Rxe6 33. Qd4 Nd3 34. Rb1
Qd7 35. Rb8+ Kg7 36. Kf1 Re4 37. Qd5 Qe6 38. Qc6 Nf4 39. Qc7+ Nf7 40. Rf3 c3 41.
Qxc3 Qxa2 42. Qc2 Qxc2 43. Nxc2 Ne5 44. Re3 Rxe3 45. Nxe3 Ne6 46. Rb7+ Kh6 47.
Rxa7 g5 48. Nf5+ Kg6 49. Ne7+ Kf7 50. Nd5+ Kg6 51. Ra6 Kf7 52. Ra7+ Kg6 53. Ne7+
Kf7 54. Nf5+ Kg6 55. Ne3 Ng7 56. Ra6 h5 57. gxh5+ Nxh5 58. Nd5 Ng4 59. Kg2 Ne5
60. Kh3 Kf5 61. Ne3+ Kg6 62. Kg2 Nf4+ 63. Kf1 g4 64. Ra4 Kg5 65. Ra8 Nh5 66.
Rg8+ Kf4 67. Nd5+ Ke4 68. Rh8 Kxd5 69. Rxh5 Ke4 70. Kg2 f5 71. Rh1 Kf4 72. Ra1
Nf3 73. Ra4+ Kg5 74. Kg3 Nh4 75. f4+ gxf3 76. Rxh4 1-0

[Event "chess.com Speed 2021"]
[Site "chess.com INT"]
[Date "2021.11.29"]
[Round "1.11"]
[White "Vachier-Lagrave, Maxime"]
[Black "Caruana, Fabiano"]
[Result "0-1"]
[WhiteTitle "GM"]
[BlackTitle "GM"]
[WhiteElo "2766"]
[BlackElo "2791"]
[WhiteFideId "623539"]
[BlackFideId "2020009"]
[EventDate "2021.11.08"]
[EventType "k.o."]

1. e4 e5 2. Nf3 Nc6 3. Bb5 a6 4. Ba4 d6 5. O-O Bd7 6. c3 g6 7. d4 Bg7 8. Bg5 f6
9. Be3 Nh6 10. dxe5 fxe5 11. Bb3 Na5 12. Bg5 Qc8 13. Bd5 c6 14. Bb3 Qc7 15. Bc2
Nf7 16. Nbd2 b5 17. a4 O-O 18. Bh4 Be6 19. Qe2 Nc4 20. b3 Nb6 21. a5 Nd7 22. b4
c5 23. Rfc1 Rac8 24. Qd1 h6 25. h3 Nf6 26. Bxf6 Bxf6 27. Bb3 c4 28. Bc2 h5 29.
Qe2 Nh6 30. Nf1 g5 31. Ne3 g4 32. hxg4 hxg4 33. Nh2 Qg7 34. Nhf1 Bh4 35. Ng3 Rf7
36. Rd1 Rcf8 37. Ngf5 Bxf5 38. exf5 g3 39. fxg3 Qxg3 40. Rxd6 Rg7 41. Rxh6 Bg5
42. Rh3 Bxe3+ 43. Kh1 Rh7 44. Rxh7 Kxh7 45. f6+ Kh6 46. Qf3 Qxf3 47. gxf3 Rxf6
48. Be4 Bd2 49. Kg2 Bxc3 50. Rb1 Kg5 51. Kf2 Rd6 52. Ke2 Rd2+ 53. Ke3 Ra2 54.
Rg1+ Kh4 55. Rh1+ Kg3 56. Bb7 Bxb4 57. Bxa6 Rxa5 58. Bb7 Bc5+ 59. Ke4 Bd4 60.
Bd5 c3 61. Bb3 Ra3 62. Bc2 Ra2 63. Kd3 b4 64. Rb1 Bc5 65. Rf1 Rb2 66. Re1 b3 67.
Bxb3 Rxb3 68. Rxe5 Bb4 0-1

[Event "chess.com Speed 2021"]
[Site "chess.com INT"]
[Date "2021.11.29"]
[Round "1.12"]
[White "Caruana, Fabiano"]
[Black "Vachier-Lagrave, Maxime"]
[Result "0-1"]
[WhiteTitle "GM"]
[BlackTitle "GM"]
[WhiteElo "2791"]
[BlackElo "2766"]
[WhiteFideId "2020009"]
[BlackFideId "623539"]
[EventDate "2021.11.08"]
[EventType "k.o."]

1. d4 Nf6 2. c4 g6 3. Nf3 Bg7 4. e3 O-O 5. Be2 c5 6. d5 d6 7. Nc3 e6 8. O-O exd5
9. cxd5 Bg4 10. h3 Bxf3 11. Bxf3 Qe7 12. a4 Na6 13. Re1 c4 14. e4 Nc5 15. Be3
Nfd7 16. Be2 Nxe4 17. Bxc4 Nxc3 18. bxc3 Bxc3 19. Bd2 Qf6 20. Bxc3 Qxc3 21. Bb5
Nc5 22. Re7 a6 23. Bf1 Rae8 24. Rxe8 Rxe8 25. Rb1 Re4 26. Rc1 Qd4 27. Qf3 Rf4
28. Qg3 Qxa4 29. Re1 Kg7 30. Re7 Qd4 31. h4 h5 32. Be2 Qa1+ 0-1